Contract law / (Record no. 12149)

MARC details
000 -LEADER
fixed length control field 00571cam a22002052 4500
001 - CONTROL NUMBER
control field 0000020542
005 - DATE AND TIME OF LATEST TRANSACTION
control field 20151217155229.0
008 - FIXED-LENGTH DATA ELEMENTS--GENERAL INFORMATION
fixed length control field 110921s xx 000 0 eng d
020 ## - INTERNATIONAL STANDARD BOOK NUMBER
International Standard Book Number 0421554703 :
040 ## - CATALOGING SOURCE
Original cataloging agency KABU
Transcribing agency KABU
100 1# - MAIN ENTRY--PERSONAL NAME
Personal name Ruff, Anne.
-- 0000180897
245 10 - TITLE STATEMENT
Title Contract law /
Statement of responsibility, etc. Anne Ruff.
250 ## - EDITION STATEMENT
Edition statement 1st ed.
260 ## - PUBLICATION, DISTRIBUTION, ETC. (IMPRINT)
Place of publication, distribution, etc. London :
Name of publisher, distributor, etc. Sweet & Maxwell,
Date of publication, distribution, etc. 1996.
300 ## - PHYSICAL DESCRIPTION
Extent xvi, 176 p.
650 #0 - SUBJECT ADDED ENTRY--TOPICAL TERM
Topical term or geographic name as entry element Contracts
Geographic subdivision Great Britain.
-- 0000156958
852 1# - LOCATION
-- p750 KES
908 ## - PUT COMMAND PARAMETER (RLIN)
Put command parameter 110921
950 ## - LOCAL HOLDINGS (RLIN)
-- 1
Holdings
Withdrawn status Lost status Source of classification or shelving scheme Not for loan Home library Current library Date acquired Total Checkouts Total Renewals Full call number Barcode Date last seen Date last checked out Price effective from Koha item type
    Library of Congress Classification   Kabarak, Main Campus Kabarak, Main Campus 17/12/2015 27 3 KD1554 .A59R84 1996 c. 1 21728 14/01/2025 12/11/2024 17/12/2015 General Collection
Designed with assistance from East African Informatics Ltd